1740 1924 1930 1066 1087 1912 1064 1030 1998 1062 1705 1938 1374 1981 1681 1041 1757 1833 1360 1840 1289 1633 1991 1765 1976 1203 1448 1007 1025 1880 1376 1126 1886 1820 1859 1694 1410 1501 1990 1389 1093 1645 1732 1363 1641 1464 1164 1150 1551 1296 1629 1557 1316 1440 1323 1270 1420 1958 1569 1911 1565 1227 1966 1780 1348 1926 1066 1016 1540 1689 1284 1279 1875 1857 1558 1654 1142 1852 1260 1625 1707 1585 1031 1156 1056 1434 1804 1046 1951 1122 1670 1631 1659 1921 1113 1526 1094 1594 1713 BCNSPRNW ULIB Ver.6.0+V

เปลี่ยนเป็นภาษาไทย

Change to English
 แสดงรายละเอียดบรรณานุกรม
  กลับหน้าหลัก

Brief Record : Get Marc (ISO 2709) : E-mail record : QR code < ปิดหน้าต่าง
LEADER : 00000nam 2200000uu 4500
001    13399109930
003     ULIB
008    110418s2544||||th 000 0 tha d
020    9748792439
060 04 WE251^bย12ภ 2544
100 0  ยงยุทธ ศิริปการ
245 10 ภาวะการอักเสบจากการติดเชื้อในกระดูกและข้อ =^bBone andjoint infections /^cยงยุทธ ศิริปการ
246 31 Bone and joint infections
260    กรุงเทพฯ :^bบุ๊คเน็ท,^c2544
300    xiv, 276 หน้า :^bภาพประกอบ ;^c27 ซม
650  7 กระดูก^xการติดเชื้อ
650  7 กระดูกพรุนอักเสบ
650  7 ข้อ^xการติดเชื้อ
650  7 ข้ออักเสบ
945    ^p0^l0^i026142
945    ^p0^l0^i014978
945    ^p0^l0^i014976
945    ^p0^l0^i014975
945    ^p0^l0^i026143
945    ^p0^l0^i026141
945    ^p0^l0^i014977
995    ทศพร
999 ^a ใช้งานได้ทุกระบบ
รายการนี้ยังไม่มีแท็ก
คุณยังไม่ได้ล็อกอิน คุณสามารถมีกิจกรรมร่วมกับเว็บไซต์ได้ แต่ต้องล็อกอินก่อน ::
  ล็อกอิน

รายการสื่อสารสนเทศ

ลำดับที่ ประเภท เลขเรียก/บาร์โค้ด สถานที่ สถานะ
- ไม่พบข้อมูล -

รายการใกล้เคียง
    ผู้แต่ง [ยงยุทธ ศิริปการ]

    หัวเรื่อง [ข้ออักเสบ]

BibComment


ยังไม่เคยถูกคอมเมนท์

คอมเมนท์ทรัพยากรรายการนี้
  คอมเมนท์: ภาวะการอักเสบจากก..


 Copyright 2026. Bcnsprnw @Library